Logo BPK

Biblioteka

Politechniki Koszalińskiej

Specjalne metody rozdzielania mieszanin : (Rekord nr 22161)

Szczegóły MARC
000 -ETYKIETA REKORDU
podpole kontrolne o stałej długości 00523nam a2200169 i 4500
001 - NUMER KONTROLNY REKORDU
pole kontrolne bg
040 ## - ŹRÓDŁO KATALOGOWANIA
Instytucja, która utworzyła rekord BPK
041 ## - KOD JĘZYKA
Kod języka tekstu pol
080 ## - UNIWERSALNA KLASYFIKACJA DZIESIĘTNA - UKD
UKD 66.01/.09:541.1(075.8)(076)
008 - POLE O STAŁEJ DŁUGOŚCI - DANE KONTROLNE
podpole kontrolne o stałej długości s pl f |000 0 pol
100 1# - NAZWA OSOBOWA
Nazwa osobowa CHMIELEWSKI, Andrzej G.
245 #0 - TYTUŁ/ODPOWIEDZIALNOŚĆ
Tytuł Specjalne metody rozdzielania mieszanin :
Ciąg dalszy tytułu ćwiczenia laboratoryjne /
Pozostałe elementy strefy tytułu i oznaczenia odpowiedzialności Andrzej G.Chmielewski, Leon Gradoń, Włodzimierz Piłaciński.
260 ## - STREFA ADRESU WYDAWNICZEGO
Miejsce wydania Warszawa,
Data publikacji, dystrybucji/powstania dokumentu 1983.
700 1# - HASŁO DODATKOWE - NAZWA OSOBOWA
Nazwa osobowa GRADOŃ, Leon
700 1# - HASŁO DODATKOWE - NAZWA OSOBOWA
Nazwa osobowa PIŁACIŃSKI, Włodzimierz
856 ## - LOKALIZACJA I DOSTĘP DO ELEKTRONICZNYCH DOKUMENTÓW ZDALNYCH
Link (URL) http://koha.tu.koszalin.pl/cgi-bin/koha/opac-detail.pl?biblionumber=22161
Tekst linku Katalog online BPK
942 ## - DODATKOWE ELEMENTY (KOHA)
Typ dokumentu Książka
Egzemplarze
Wycofany Status egzemplarza Uszkodzony Dostępność Lokalizacja stała Lokalizacja bieżąca Miejsce przechowywania Sygnatura Kod kreskowy Ostatnio wypożyczono Typ dokumentu
      Dostępny Biblioteka Politechniki Koszalińskiej Biblioteka Politechniki Koszalińskiej Wypożyczalnia BG 31120 01575316 16.01.2020 Książka
© 2023 Biblioteka Politechniki Koszalińskiej :: KOHA